000 01156nam a2200289 c 4500
003 BLK
005 20180422112024.0
008 180409b bul|||||r ||||||| ||bul||
010 _aKNG00142953000
040 _aBLK
041 _aBUL
_cBUL
080 _aБългарска литература
_b821.163.2
_x-93-1
_z821.163.2-93-1
100 1 _aРадевски, Христо Василев
_eпърви автор
_9366130
700 1 _aАнастасов, Георги
_eхудож.
_9364356
139 _aРадевски, Христо Василев
_bР 13
245 1 0 _aСтихотворения за деца
_cХристо Василев Радевски; худож. Георги Анастасов.
257 _aBGR
260 София
_bБълг. писател
_c1977
_fВ. Търново : ДП Д. Найденов
300 _a416 с.
_bс ил.
_c17 см
380 _aDX
500 _a4 113 тир.
852 _aЦб І 34363
856 4 _qpdf
_u
856 4 _qpdf
_u
942 _cKNG
_n0
944 _aCR
_c21.05.2013
_l21.05.2013 - от С1,Р / 21.05.2013
_kСевдалина_Василева
944 _aED
_c21.05.2013
_l21.05.2013 - от С1,Р / 21.05.2013
_k
999 _c136988
_d136988